| 000 | 00977nam a22002417a 4500 | ||
|---|---|---|---|
| 999 |
_c9400 _d9400 |
||
| 003 | GBCCL | ||
| 005 | 20241126110711.0 | ||
| 008 | 221123b ||||| |||| 00| 0 eng d | ||
| 020 | _a9781783599264 | ||
| 020 | _a178359926X | ||
| 040 | _cgbc | ||
| 082 |
_a261.83 _bSTO |
||
| 100 |
_aStott, John R. W. _9325 |
||
| 245 |
_aThe world : _ba mission to be accomplished / _cJohn R. W. Stott with Tim Chester |
||
| 260 |
_aLondon : _bIVP, _c2019 |
||
| 300 | _a109pages | ||
| 490 | _aThe contemporary Christian series | ||
| 505 | _aIntro; About the authors; Preface; A note to the reader; Series introduction The Contemporary Christian the then and the now; The World Introduction; 1; The uniqueness of Jesus Christ; 2; Our God is a missionary God; 3; Holistic mission; 4; The Christology of mission; Conclusion The now and the not yet; Notes | ||
| 650 |
_aMissions _9885 |
||
| 651 |
_aMission of the church _916378 |
||
| 651 |
_aEvangelistic work _916379 |
||
| 942 |
_2ddc _cBK |
||